000 00566nam a2200181Ia 4500
003 GCL
008 140319s9999 xx 000 0 ara d
040 _aGCL /
_cGCL
082 0 4 _a780.92
_bع ع
100 1 _aعادل حسنين
245 1 0 _aعبدالحليم حافظ: اغانى واشعار /
_cعادل حسنين
300 _a326 ص
490 _aالهيئة العامة للاستعلامات
_v0
650 0 4 _aالاغانى العربية
650 0 4 _aالموسيقيون - تراجم
650 0 4 _aعبدالحليم حافظ
942 _2ddc
_cBK
999 _c51818
_d51818